| 000 | 00519nam a22001817a 4500 | ||
|---|---|---|---|
| 005 | 20131218143733.0 | ||
| 010 | _aENG-108826 | ||
| 020 |
_c95.00 _a9788184983968 |
||
| 035 | _aEN-92359 | ||
| 037 | _bDBAD/PUB | ||
| 082 | _a51071 | ||
| 100 | _aLodha, Gayatri | ||
| 245 |
_aGayatri's maths mantra / _cby Gayatri Lodha |
||
| 260 |
_aPune _bMehta Publishing House _c2012 |
||
| 270 |
_a1941, Sadashiv Peth, Madiwale Colony _bPune _e411030 |
||
| 300 |
_a124p. _c20cm(pbk) |
||
| 942 |
_2ddc _cEN _mLOD _h510.71 |
||
| 999 |
_c81168 _d81168 |
||